01639nas a2200241Ia 4500001001100000003001000011008004100021040002500062041001300087100002600100210001700126222001700143245006600160250001100226260005100237300001100288310001200299362003600311500045600347501011400803520045600917650002401373R235-R2422IT-CnALBA170116c99999999xx |||||||||||| ||und|| aIT-CnALBAcIT-CnALBA aITALIANO aRIZZOLO ANTONIO, SSP. aMADRE DI DIO aMADRE DI DIO 0aMADRE DI DIO. N. XII ANNO LVII DICEMBRE 1989 MENSILE MARIANO  a1a ed. aCINISELLO BALSAMO (MI)bEDIZIONI PAOLINEc1989 a28 p.  aMENSILE aFascicolo: 12 / Anno: 57 (1989) aFESTA DEL BEATO GIACCARDO NELLA FAMIGLIA PAOLINA. NATALE DI GESÙ FIGLIO DI MARIA. GLI EVANGELISTI E MARIA. MARIA E LA FATICA DDELLA FEDE. DI FIORES S. MARIA E L'UNITÀ DEI CRISTIANI. SORELLA NOSTRA VERGINE E MADRE. LITURGIA MOZARABICA. FASCINO DEL PRESEPIO. VIDAU E. DUFF FRANK E LA LEGIONE DI MARIA. PREGHIERA PER LA PACE. UGENTI A. PARMA PROTEZIONE DI MARIA. ANGELO DELLA CHIESA MALGASCIA, VICTOIRE RASOAMANARIVO. BERTON C. PAGINA PER I PICCOLI.  aSocietà San Paolo EM - Piazza San Paolo, 14 - 12051 ALBA (CN) (non commercial uses only) ® Copyright 2017 aFESTA DEL BEATO GIACCARDO NELLA FAMIGLIA PAOLINA. NATALE DI GESÙ FIGLIO DI MARIA. GLI EVANGELISTI E MARIA. MARIA E LA FATICA DDELLA FEDE. DI FIORES S. MARIA E L'UNITÀ DEI CRISTIANI. SORELLA NOSTRA VERGINE E MADRE. LITURGIA MOZARABICA. FASCINO DEL PRESEPIO. VIDAU E. DUFF FRANK E LA LEGIONE DI MARIA. PREGHIERA PER LA PACE. UGENTI A. PARMA PROTEZIONE DI MARIA. ANGELO DELLA CHIESA MALGASCIA, VICTOIRE RASOAMANARIVO. BERTON C. PAGINA PER I PICCOLI.  aANGELI SANTI DEMONI